Open Data Biblioteca Nacional de Portugal


República Portuguesa: Ministério da Cultura
Biblioteca Nacional de Portugal

Catálogo da BNP: acesso por Identificadores Unívocos
Registos Bibliográficos associados ao registo de autoridade

Etiqueta de registo: 00254nam 2200025 450
001 2286850
003 http://id.bnportugal.gov.pt/bib/catbnp/2286850
010 ## $a978-989-38-1142-9
021 ## $aPT$b560478/26
100 ## $a20260526d2026 c y0pory01030103ba
101 0# $apor
102 ## $aPT
105 ## $aa z 000yy
106 ## $ar
200 1# $aManuel, o menino que adorava aviões$fRomão Pedroso, Maria João Carapinha$gil. Sónia Pereira
210 #9 $aLIsboa$cFlamingo,$d2026
215 ## $a37, [3] p.$cil.$d23 cm
700 #1 $aPedroso,$bRomão,$f1986-$31999231
701 #1 $aCarapinha,$bMaria João,$f1991$4070$31999232
702 #1 $91$aPereira,$bSónia$4440$31556613
801 #0 $aPT$bBN$gRPC
966 ## $lBN$mFGMON$x1
971 ## $cisantos$d20260526

OpendataBNP@bnportugal.pt | Mais informação sobre acesso aos dados BNP